Southville International School and Colleges
Your cart is empty.
  • Cart
  • Lists
    Public lists Eva Luna New books Lux_list list_1
    Your lists Log in to create your own lists
  • Log in to your account
  • Your cookies
  • Search history
Southville International School and Colleges
  • Advanced search
  • Recent comments
  • Most popular
  • Libraries

Log in to your account

Log in with GOOGLE


If you do not have an external account, but do have a local account, you can still log in:

  1. Home
  2. MARC view: Troilus and Cressida /
Normal view MARC view ISBD view

Troilus and Cressida / (Record no. 9225)

[ view plain ]
MARC details
000 -LEADER
fixed length control field 01151cam a2200337 a 4500
001 - CONTROL NUMBER
control field 2805129
003 - CONTROL NUMBER IDENTIFIER
control field SISC
005 - DATE AND TIME OF LATEST TRANSACTION
control field 20160307105925.0
008 - FIXED-LENGTH DATA ELEMENTS--GENERAL INFORMATION
fixed length control field 820504s1982 enk b 000 0 eng
010 ## - LIBRARY OF CONGRESS CONTROL NUMBER
LC control number 82007987
020 ## - INTERNATIONAL STANDARD BOOK NUMBER
International Standard Book Number 0416476805 :
Terms of availability $30.00
020 ## - INTERNATIONAL STANDARD BOOK NUMBER
International Standard Book Number 0416177905 (pbk.) :
Terms of availability $4.95
040 ## - CATALOGING SOURCE
Original cataloging agency DLC
Transcribing agency DLC
Modifying agency DLC
050 00 - LIBRARY OF CONGRESS CALL NUMBER
Classification number PR 2836.A2
Item number .T845 1982
082 00 - DEWEY DECIMAL CLASSIFICATION NUMBER
Classification number HS 822.33VI
Item number Sh1 1982
100 1# - MAIN ENTRY--PERSONAL NAME
Personal name Shakespeare, William
Dates associated with a name 1564-1616.
9 (RLIN) 12871
245 10 - TITLE STATEMENT
Title Troilus and Cressida /
Statement of responsibility, etc William Shakespeare.
260 ## - PUBLICATION, DISTRIBUTION, ETC. (IMPRINT)
Place of publication, distribution, etc Australia :
Name of publisher, distributor, etc Thomas Nelson and Sons,
Date of publication, distribution, etc c1982.
300 ## - PHYSICAL DESCRIPTION
Extent 337 p. :
Dimensions 23 cm.
490 1# - SERIES STATEMENT
Series statement The Arden edition of the works of William Shakespeare
650 #0 - SUBJECT ADDED ENTRY--TOPICAL TERM
Topical term or geographic name as entry element Troilus (Legendary character)
General subdivision Drama.
9 (RLIN) 12872
650 #0 - SUBJECT ADDED ENTRY--TOPICAL TERM
Topical term or geographic name as entry element Cressida (Fictitious character)
General subdivision Drama.
9 (RLIN) 12873
650 #0 - SUBJECT ADDED ENTRY--TOPICAL TERM
Topical term or geographic name as entry element Trojan War
General subdivision Drama.
9 (RLIN) 12874
651 #0 - SUBJECT ADDED ENTRY--GEOGRAPHIC NAME
Geographic name Troy (Extinct city)
General subdivision Drama.
9 (RLIN) 12875
655 #7 - INDEX TERM--GENRE/FORM
Genre/form data or focus term Tragicomedy.
Source of term lcsh
9 (RLIN) 12708
700 1# - ADDED ENTRY--PERSONAL NAME
Personal name Palmer, Kenneth,
Titles and other words associated with a name M.A.
9 (RLIN) 12876
800 1# - SERIES ADDED ENTRY--PERSONAL NAME
Personal name Shakespeare, William,
Dates associated with a name 1564-1616.
Title of a work Works.
Date of a work 1954.
9 (RLIN) 12877
906 ## - LOCAL DATA ELEMENT F, LDF (RLIN)
a 7
b cbc
c orignew
d 1
e ocip
f 19
g y-gencatlg
942 ## - ADDED ENTRY ELEMENTS (KOHA)
Source of classification or shelving scheme Library of Congress Classification
Koha item type Books
Holdings
Withdrawn status Lost status Source of classification or shelving scheme Damaged status Home library Current library Shelving location Date acquired Total Checkouts Full call number Barcode Date last seen Copy number Price effective from Koha item type
    Library of Congress Classification   Luxembourg Library Luxembourg Library High School Section 08/23/2013   PR 2836.A2 .T845 1982 3223 03/07/2016 1 08/23/2013 Books

Troilus and Cressida /

APA

Shakespeare W., Palmer K., . (1982). Troilus and Cressida. Australia: Thomas Nelson and Sons.

Chicago

Shakespeare William, Palmer Kenneth, . 1982. Troilus and Cressida. Australia: Thomas Nelson and Sons.

Harvard

Shakespeare W., Palmer K., . (1982). Troilus and Cressida. Australia: Thomas Nelson and Sons.

MLA

Shakespeare William, Palmer Kenneth, . Troilus and Cressida. Australia: Thomas Nelson and Sons. 1982.

  • Place hold
  • Print
  • Cite
  • Add to your cart (remove)
  • Save record
    BIBTEX Dublin Core MARCXML MARC (non-Unicode/MARC-8) MARC (Unicode/UTF-8) MARC (Unicode/UTF-8, Standard) MODS (XML) RIS
  • More searches
    Search for this title in:
    Other Libraries (WorldCat) Other Databases (Google Scholar) Online Stores (Bookfinder.com) Open Library (openlibrary.org)

Exporting to Dublin Core...

SOUTHVILLE LIBRARY

Southville International School and Colleges Library

1281 Tropical Ave. Cor. Luxembourg St., BF Homes International, Las Pinas City

Tel. No. 8256374 / 252358 Loc. 117/146

Powered by Koha